000 00193 a2200097 4500
020 _a9789705950131
041 _aspa
100 _aPalavicini teresa
245 _aPalabras de tierra
942 _cBK
999 _c10874
_d10874